[Event "Challenge"]
[Site "http://www.queenalice.com/game.php?id=439123"]
[Date "2008.7.26"]
[Round "-"]
[White "Feu"]
[Black "korobolita"]
[Result "1-0"]
[WhiteElo "1631"]
[BlackElo "1421"]

1. e4 e5 2. c3 Bc5 3. d3 Nf6 4. h3 O-O 5. Nf3 d6 6. Nbd2 Be6 7. Be2 Qd7 8. Nh2
b6 9. Ng4 Qe7 10. Nxf6+ Qxf6 11. Nf3 a5 12. O-O Nc6 13. Bg5 Qg6 14. Qd2 d5 15.
Nh4 Be3 16. Qxe3 Qxg5 17. Qxg5 Rad8 18. Nf5 Bxf5 19. Qxf5 Ne7 20. Qxe5 Rd7 21.
Bg4 Ng6 22. Qg3 Re7 23. exd5 Rd8 24. Bf3 Ne5 25. Be4 c6 26. Qh4 1-0

[Event "Challenge"]
[Site "http://www.queenalice.com/game.php?id=439124"]
[Date "2008.7.26"]
[Round "-"]
[White "Feu"]
[Black "gllage"]
[Result "1-0"]
[WhiteElo "1588"]
[BlackElo "1191"]

1. e4 e5 2. c3 Nc6 3. d3 d5 4. Nd2 Nf6 5. Qc2 d4 6. Ngf3 Bc5 7. h3 Be6 8. Be2
O-O 9. O-O Be7 10. Nb3 h6 11. Rd1 b6 12. cxd4 Nb4 13. Qb1 exd4 14. Bd2 Qd6 15.
e5 Qd7 16. exf6 Bxf6 17. Bxb4 Rfd8 18. Nbd2 a5 19. Ba3 c5 20. Ne4 Qe7 21. Nxf6+
Qxf6 22. b3 Re8 23. Qc2 Re7 24. Nh2 Qg6 25. Kh1 Rae8 26. Bf3 c4 27. Bxe7 Rxe7
28. Be4 f5 29. Bf3 c3 30. Re1 Rf7 31. Qd1 Bd7 32. Bh5 Qg5 33. Bxf7+ Kxf7 34. Nf3
Qg6 35. Ne5+ Kf6 36. Nxg6 1-0

[Event "Challenge"]
[Site "http://www.queenalice.com/game.php?id=439125"]
[Date "2008.7.26"]
[Round "-"]
[White "Feu"]
[Black "polly"]
[Result "1-0"]
[WhiteElo "1660"]
[BlackElo "1045"]

1. e4 e5 2. c3 Nf6 3. d3 Bc5 4. h3 O-O 5. Nf3 d6 6. Nbd2 b6 7. Be2 Na6 8. Nh2
Be6 9. Ng4 Nxg4 10. Bxg4 Qf6 11. Nf3 h6 12. Bxe6 Qxe6 13. b4 Nxb4 14. cxb4 Bxb4+
15. Nd2 Qg6 16. O-O Bc3 17. Rb1 Bxd2 18. Bxd2 Rfe8 19. Rc1 c5 20. Be3 Re6 21.
Qa4 Re7 22. Qc6 Rd8 23. a4 f6 24. Ra1 f5 25. exf5 Qxf5 26. Rfd1 Kh7 27. a5 bxa5
28. Rxa5 e4 29. Ra4 Qh5 30. Raa1 exd3 31. Rxd3 Kg8 32. Rxd6 Qe8 33. Qxc5 Rxd6
34. Qxd6 Rd7 35. Qg3 g5 36. Rxa7 Rd1+ 37. Kh2 Rd7 38. Rxd7 Qxd7 39. h4 Kf7 40.
hxg5 hxg5 41. Qxg5 Qd6+ 42. Qf4+ Qf6 43. Qxf6+ Kxf6 44. Kg3 Ke6 45. Kf4 Kf7 46.
Kg5 Ke6 47. Kg6 Kd5 48. g4 Ke5 49. g5 1-0

[Event "Challenge"]
[Site "http://www.queenalice.com/game.php?id=439128"]
[Date "2008.7.26"]
[Round "-"]
[White "Feu"]
[Black "llina"]
[Result "0-1"]
[WhiteElo "1609"]
[BlackElo "1589"]

1. e4 e5 2. c3 Nf6 3. d3 h6 4. Nf3 d5 5. Qc2 dxe4 6. dxe4 Bd6 7. Nbd2 O-O 8. Nc4
Nc6 9. h3 Bc5 10. Ncxe5 Nxe5 11. Nxe5 Qe8 12. Bf4 g5 13. Bh2 b6 14. Be2 Bb7 15.
Bd3 Bd6 16. Nf3 Bxh2 17. Nxh2 Nxe4 18. O-O f5 19. Rfe1 Qe6 20. b3 Rae8 21. Rad1
g4 22. Bc4 Qf7 23. Bxf7+ Rxf7 24. hxg4 fxg4 25. Nxg4 Kg7 26. b4 h5 27. Qa4 c6
28. Qxa7 hxg4 29. Qxb6 c5 30. Rf1 Nxc3 31. Rd6 Ne2+ 32. Kh2 Rh8+ 33. Rh6 Rxh6+
34. Qxh6+ Kxh6 35. Re1 Rxf2 36. Rd1 Rxg2+ 0-1

[Event "Challenge"]
[Site "http://www.queenalice.com/game.php?id=439129"]
[Date "2008.7.26"]
[Round "-"]
[White "Feu"]
[Black "braun_howard"]
[Result "1-0"]
[WhiteElo "1643"]
[BlackElo "1455"]

1. e4 e5 2. c3 d5 3. Qc2 g6 4. d3 f5 5. Nd2 Nf6 6. Ngf3 Bd6 7. h3 h6 8. Be2 c6
9. exf5 Bxf5 10. O-O Na6 11. Re1 O-O 12. Nb3 Nc5 13. Bxh6 Nxb3 14. Qxb3 Re8 15.
Qxb7 Qc7 16. Qb3 e4 17. Nd4 Bh2+ 18. Kf1 exd3 19. Nxf5 Rxe2 20. Rxe2 dxe2+ 21.
Kxe2 Qe5+ 22. Kf1 Qxf5 23. Qb7 Ne8 24. Qxa8 Kh7 25. Qxe8 Kxh6 26. Qxc6 Qd3+ 27.
Ke1 Bf4 28. Rd1 Qe4+ 29. Kf1 1-0

[Event "Challenge"]
[Site "http://www.queenalice.com/game.php?id=439130"]
[Date "2008.7.26"]
[Round "-"]
[White "Feu"]
[Black "Adinirso"]
[Result "1-0"]
[WhiteElo "1662"]
[BlackElo "1569"]

1. e4 e5 2. c3 Nf6 3. d3 h6 4. Nf3 d6 5. Nbd2 Be6 6. h3 d5 7. Qc2 Nc6 8. Be2
dxe4 9. Nxe4 Nd5 10. Bd2 Bf5 11. O-O a6 12. a3 Qe7 13. Ng3 Bg6 14. Rfe1 f6 15.
Nh4 Bh7 16. Bf3 Qd7 17. Bh5+ g6 18. Bxg6+ Bxg6 19. Nxg6 Rg8 20. Nxf8 Rxf8 21. d4
O-O-O 22. Bxh6 Rg8 23. dxe5 Nxe5 24. Rad1 Qe6 25. c4 Nb6 26. b3 Rh8 27. Bf4 Nbd7
28. c5 Rh4 29. Bxe5 fxe5 30. b4 Rf4 31. Qb2 c6 32. Rd6 Qe7 33. Re4 Rxe4 34. Nxe4
Kc7 35. a4 Qh4 36. Qc2 Qf4 37. b5 Nxc5 38. Rxd8 Nxe4 39. Rd1 axb5 40. axb5 c5
41. Qa2 Kb6 42. Qe6+ Ka5 43. Ra1+ Kb4 44. Rb1+ Kc3 45. Qb3+ Kd4 46. Rd1+ Nd2 47.
Qb2+ Kd3 48. Qa3+ Ke4 49. Re1+ Kd4 50. Qb2+ Kd5 51. Rd1 Ke6 52. Rxd2 e4 53. Qb3+
Kf6 54. Qb2+ Kf5 55. Rd5+ Ke6 56. Rxc5 e3 57. Qb3+ Kd6 58. Qd5+ Ke7 59. Qxb7+
Kf6 60. Rc6+ Kg5 61. Qg7+ Kf5 62. Rf6+ 1-0

[Event "Challenge"]
[Site "http://www.queenalice.com/game.php?id=445558"]
[Date "2008.8.8"]
[Round "-"]
[White "gllage"]
[Black "Feu"]
[Result "0-1"]
[WhiteElo "1191"]
[BlackElo "1631"]

1. d4 e6 2. e4 Ne7 3. c4 b6 4. Nd2 Bb7 5. Bd3 Nbc6 6. Ngf3 h6 7. Nb3 Ng6 8. Bd2
Bb4 9. d5 Bxd2+ 10. Qxd2 Nce5 11. Nxe5 Nxe5 12. Qc3 Qg5 13. Bf1 O-O 14. Nd4 exd5
15. exd5 Rfe8 16. Nf3 Nxf3+ 17. Kd1 Re1+ 18. Kc2 Rxa1 19. Qxf3 Qc1+ 20. Kb3 Re8
21. Qd3 Re1 22. g4 Rxf1 23. Rxf1 Qxf1 24. Qxf1 Rxf1 0-1

[Event "Challenge"]
[Site "http://www.queenalice.com/game.php?id=452427"]
[Date "2008.8.23"]
[Round "-"]
[White "gllage"]
[Black "Feu"]
[Result "0-1"]
[WhiteElo "1191"]
[BlackElo "1641"]

1. d4 e6 2. e4 Ne7 3. Nf3 d5 4. Bd3 Nbc6 5. O-O b6 6. c3 Bb7 7. Qe2 h6 8. a3 a5
9. Bb5 Ng6 10. exd5 Qxd5 11. c4 Qd6 12. Nc3 O-O-O 13. Ne4 Qe7 14. Bxc6 Bxc6 15.
Bd2 Nh4 16. g3 Nxf3+ 17. Qxf3 Rxd4 18. Rfe1 Rxd2 19. Qe3 Rd8 20. b4 axb4 21.
axb4 Qxb4 22. Qe2 Bb7 23. Qc2 Rd4 24. Qa4 Qxa4 25. Rxa4 Rxe4 26. Rd1 Bd6 27. Ra7
Bc6 28. Rda1 Kd7 0-1

[Event "Challenge"]
[Site "http://www.queenalice.com/game.php?id=462762"]
[Date "2008.9.13"]
[Round "-"]
[White "Feu"]
[Black "pierjean"]
[Result "1-0"]
[WhiteElo "1674"]
[BlackElo "1423"]

1. e4 e5 2. c3 c5 3. d3 Nc6 4. Nd2 Nf6 5. h3 h6 6. Ngf3 b6 7. Be2 d6 8. Qc2 Bb7
9. O-O Qd7 10. Nc4 Be7 11. Be3 Nh7 12. d4 Bf6 13. d5 Na5 14. Nxa5 bxa5 15. a4 g5
16. Bb5 Rb8 17. Bxd7+ Kxd7 18. Nh2 Ba6 19. Rfe1 Bc4 20. b3 Bxb3 21. Qd3 Rhc8 22.
Reb1 c4 23. Qe2 Be7 24. Bxa7 Rb7 25. Be3 Rcb8 26. Ng4 h5 27. Nh2 g4 28. hxg4 Rh8
29. gxh5 Bd8 30. Qf3 Ke8 31. Ng4 Bg5 32. Qf5 Bxe3 33. Qc8+ Ke7 34. Qxb7+ 1-0

[Event "Challenge"]
[Site "http://www.queenalice.com/game.php?id=469531"]
[Date "2008.9.28"]
[Round "-"]
[White "Feu"]
[Black "leonard99"]
[Result "0-1"]
[WhiteElo "1680"]
[BlackElo "1637"]

1. e4 e5 2. c3 Nf6 3. d3 d5 4. Qc2 d4 5. Nf3 Nc6 6. h3 Be6 7. Be2 Bc5 8. Nbd2
O-O 9. Nc4 Bxc4 10. dxc4 dxc3 11. bxc3 Qd6 12. O-O Rfd8 13. Rd1 Qe7 14. Bg5 Qe6
15. Nh2 Rd6 16. Rxd6 Bxd6 17. Qd3 Rd8 18. Qg3 Nxe4 19. Qe3 Nxg5 20. Qxg5 Bc5 21.
Bf3 Be7 22. Qg3 Qxc4 23. Bg4 Rd3 24. Bf3 Rxc3 25. Ng4 Rc1+ 26. Rxc1 Qxc1+ 27.
Kh2 Bd6 28. Nf6+ Kh8 29. Ne8 g6 30. Qh4 Qf4+ 31. Qxf4 exf4 32. Nxd6 cxd6 33. Kg1
Kg7 34. Kf1 Kf6 35. Ke2 Nd4+ 36. Kd3 Nxf3 37. gxf3 Kg5 38. Ke4 Kh4 0-1

[Event "Challenge"]
[Site "http://www.queenalice.com/game.php?id=510474"]
[Date "2008.12.20"]
[Round "-"]
[White "Feu"]
[Black "magalhaes_br"]
[Result "1-0"]
[WhiteElo "1680"]
[BlackElo "1317"]

1. e4 e5 2. c3 Nf6 3. d3 Bc5 4. h3 Nc6 5. Nd2 d5 6. Qc2 Qe7 7. Ngf3 Be6 8. Be2
a6 9. Nh2 g6 10. Ng4 b5 11. Nf3 Qd6 12. Nxf6+ Kf8 13. Bh6+ Ke7 14. Bg7 Rhb8 15.
Qd2 b4 16. O-O d4 17. Qg5 Kd8 18. Nxh7+ Ne7 19. Bxe5 Qc6 20. Nxd4 Qe8 21. Nxe6+
Kd7 22. Nxc5+ Kc6 23. Nf6 Qc8 24. d4 Kb6 25. Ncd7+ Kb7 26. Nxb8 Kxb8 27. Bg4 Qb7
28. Nd7+ Ka7 29. Qxe7 a5 30. Nc5 Rh8 31. Qxc7 Rb8 32. Qxa5+ Qa6 33. Qxa6# 1-0

[Event "Challenge"]
[Site "http://www.queenalice.com/game.php?id=510475"]
[Date "2008.12.20"]
[Round "-"]
[White "Feu"]
[Black "pont_neuf"]
[Result "1-0"]
[WhiteElo "1717"]
[BlackElo "1106"]

1. e4 e5 2. c3 Nf6 3. d3 Nc6 4. Nd2 d5 5. Qc2 Bd6 6. Ngf3 Be6 7. Be2 b6 8. h3 h5
9. Nf1 Qd7 10. Bg5 Qe7 11. Ng3 g6 12. Qa4 Kd7 13. O-O b5 14. Qxb5 Ke8 15. Qxc6+
Bd7 16. Qxa8+ Qd8 17. Qxd8+ Kxd8 18. Bxf6+ Be7 19. Bxh8 a5 20. Bxe5 f6 21. Bd4
c6 22. exd5 cxd5 23. c4 Be6 24. cxd5 Bxd5 25. Bb6+ Ke8 26. Bxa5 Kf7 27. Bd1 g5
28. Nd4 h4 29. Ne4 Bc5 30. Nf3 Ke6 31. Nxc5+ Kd6 32. Bb4 Kc6 33. Nd4+ Kb6 34.
Nd7+ Ka6 35. Nxf6 Bb7 36. Re1 Bc8 37. Re6+ Kb7 38. Bf3+ Kc7 39. Rc1+ Kd8 40.
Nc6+ Kc7 41. Bd6+ Kb6 42. Re5 Ba6 43. Nd5+ Kb7 44. Na5+ Ka7 45. Re7+ Bb7 46.
Nxb7 Ka6 47. Nb4+ Kb5 48. Re5+ Ka4 49. Ra5# 1-0

[Event "Challenge"]
[Site "http://www.queenalice.com/game.php?id=510476"]
[Date "2008.12.20"]
[Round "-"]
[White "Feu"]
[Black "leo2dipikke"]
[Result "1-0"]
[WhiteElo "1699"]
[BlackElo "1753"]

1. e4 e5 2. c3 Nf6 3. d3 c5 4. Nd2 d6 5. h3 Nc6 6. Ngf3 Be7 7. Be2 b5 8. Qb3 a6
9. Ng5 O-O 10. O-O Bd7 11. Qd1 h6 12. Ngf3 d5 13. Nh2 dxe4 14. dxe4 c4 15. Ng4
Nxg4 16. Bxg4 Bc5 17. Qf3 f6 18. Qg3 f5 19. exf5 Bxf5 20. Bf3 Rc8 21. Ne4 Bxe4
22. Bxe4 Qf6 23. Bf3 Rcd8 24. b4 Ba7 25. a4 Bb8 26. Qg4 e4 27. Bxe4 Ne5 28. Qe2
Qd6 29. g3 Qd7 30. axb5 Qxh3 31. Bg2 Qe6 32. Be3 Ng4 33. Rxa6 Qf5 34. Bh3 h5 35.
Qxc4+ Kh8 36. Qe2 Be5 37. Rc6 Qf3 38. Qxf3 Rxf3 39. Rc5 Bf6 40. Rxh5+ Nh6 41.
Kg2 Rxe3 42. fxe3 Bxc3 43. b6 Bxb4 44. b7 Rb8 45. Bc8 Bc3 46. Rf8+ Kh7 47. Rh3
Kg6 48. Bf5+ Nxf5 49. Rxb8 Nd6 50. Rh1 Be5 51. Rb1 Nc4 52. Re8 1-0

[Event "AUTO-INT-1156"]
[Site "http://www.queenalice.com/game.php?id=516725"]
[Date "2009.1.3"]
[Round "1"]
[White "Romanov"]
[Black "Feu"]
[Result "0-1"]
[WhiteElo "1508"]
[BlackElo "1682"]

1. e4 e6 2. Nc3 a6 3. g3 Ne7 4. b3 d5 5. Bb2 Nbc6 6. a4 Ng6 7. h4 d4 8. Nce2 e5
9. c3 Bc5 10. b4 Ba7 11. h5 Nf8 12. b5 Na5 13. Nc1 Qf6 14. Nf3 Ne6 15. Nd3 Nc4
16. Qb3 Qxf3 17. Rg1 Qxe4+ 18. Be2 Nxb2 19. Qxb2 Ng5 20. Kd1 h6 21. Re1 O-O 22.
Nc1 dxc3 23. dxc3 Rd8+ 24. Nd3 Bg4 25. Kc1 Rxd3 26. Bxd3 Qxe1+ 27. Kc2 Qxf2+ 28.
Kb3 Qxb2+ 29. Kxb2 Bxh5 30. Re1 Rd8 31. Bc4 e4 32. bxa6 bxa6 33. Bxa6 e3 34. a5
Rd2+ 35. Kb3 Ne6 36. Bc4 Nc5+ 37. Ka3 Nd3 38. Bxd3 Rxd3 39. Kb3 e2 40. Kc4 Rd1
41. Rxe2 Bxe2+ 42. Kb3 g5 0-1

[Event "AUTO-INT-1156"]
[Site "http://www.queenalice.com/game.php?id=516726"]
[Date "2009.1.3"]
[Round "1"]
[White "Feu"]
[Black "Romanov"]
[Result "1-0"]
[WhiteElo "1691"]
[BlackElo "1499"]

1. e4 e5 2. c3 Bc5 3. d3 Qf6 4. Nf3 h6 5. Nbd2 g5 6. b4 Bb6 7. Nc4 d6 8. Nxb6
axb6 9. Be2 g4 10. Ng1 h5 11. Be3 Be6 12. d4 Ne7 13. d5 Bd7 14. b5 c6 15. Bxb6
cxd5 16. exd5 h4 17. Bxg4 Bxg4 18. Qxg4 Rg8 19. Qh3 e4 20. Bd4 Qg5 21. g3 Qxd5
22. Qg2 Qxb5 23. Qxe4 Rg6 24. Ne2 Re6 25. Qg4 Nbc6 26. Be3 Ne5 27. Qh5 Kd7 28.
Nd4 Qb2 29. O-O Rf6 30. Qxh4 Nf3+ 31. Nxf3 Rxf3 32. Qg4+ Rf5 33. Bd4 Rg8 34. Qh3
Kc7 35. Rfe1 Rgg5 36. Rxe7+ Kc6 37. Qg2+ d5 38. Qf1 b6 39. Rb1 Qxb1 40. Qxb1 Kd6
41. Qb4+ Kc6 42. Qxb6# 1-0

[Event "AUTO-INT-1156"]
[Site "http://www.queenalice.com/game.php?id=578829"]
[Date "2009.4.27"]
[Round "2"]
[White "coutovet"]
[Black "Feu"]
[Result "1-0"]
[WhiteElo "1808"]
[BlackElo "1799"]

1. e4 e6 2. d4 d5 3. exd5 Qxd5 4. a3 Ne7 5. Nc3 Qd8 6. Nf3 Nbc6 7. Bf4 a6 8. Qd2
h6 9. O-O-O Nd5 10. Nxd5 Qxd5 11. Kb1 Bd6 12. Bxd6 Qxd6 13. g3 O-O 14. Bg2 Rb8
15. Rhe1 b5 16. Ne5 Nxe5 17. dxe5 Qxd2 18. Rxd2 a5 19. Red1 Bb7 20. f3 Bd5 21.
f4 Bxg2 22. Rxg2 c5 23. Rgd2 a4 24. c3 b4 25. cxb4 cxb4 26. Rd3 bxa3 27. Rxa3
Rb4 28. Ka2 Rfb8 29. Rb1 Rc8 30. b3 Rc2+ 31. Rb2 Rxb3 32. Rxb3 Rxb2+ 33. Rxb2
Kh7 34. h4 Kg6 35. g4 h5 36. Rg2 hxg4 37. Rxg4+ Kh6 38. Rg5 f6 39. exf6 gxf6 40.
Ra5 Kg6 41. Ka3 f5 42. Kxa4 Kh5 43. Re5 Kxh4 44. Rxe6 Kg4 45. Kb4 Kxf4 46. Kc4
Kg3 47. Kd4 f4 48. Ke4 f3 49. Rg6+ Kf2 50. Rf6 Ke2 51. Rxf3 Kd2 52. Rh3 Kc2 53.
Kd4 Kb2 54. Kc4 Kc2 55. Rh2+ Kd1 56. Kc3 Ke1 57. Ra2 Kf1 58. Kd3 Ke1 59. Rb2 Kf1
60. Ke3 Kg1 61. Kf3 Kh1 62. Kg3 Kg1 63. Rb1# 1-0

[Event "AUTO-INT-1156"]
[Site "http://www.queenalice.com/game.php?id=578830"]
[Date "2009.4.27"]
[Round "2"]
[White "Feu"]
[Black "coutovet"]
[Result "1-0"]
[WhiteElo "1783"]
[BlackElo "1780"]

1. e4 e5 2. c3 a6 3. d3 h6 4. h3 Nf6 5. Nd2 d5 6. Qc2 Bc5 7. Ngf3 dxe4 8. dxe4
Nc6 9. Nc4 Be6 10. Ncxe5 Nxe5 11. Nxe5 O-O 12. Bd3 b5 13. O-O Qd6 14. Nf3 Rfd8
15. Be2 Qc6 16. Bd3 Bb6 17. Bf4 Nh5 18. Be5 f6 19. Bd4 Nf4 20. Qd2 Nxd3 21. Qxd3
Bc4 22. Qe3 Bxf1 23. Rxf1 Bxd4 24. Nxd4 Qb7 25. Qg3 Qxe4 26. Qxc7 Rdc8 27. Qg3
b4 28. f3 Qe3+ 29. Kh1 bxc3 30. Nf5 Qa7 31. bxc3 Rxc3 32. Re1 Rc7 33. Nxh6+ Kh7
34. Nf5 Qc5 35. Re4 g6 36. Rh4+ Kg8 37. Qxg6+ Kf8 38. Rh8# 1-0